000 00949nmc a2200337 a 4500
003 AR-BaBNM
005 20251128205957.0
008 248019s1994 ||||||||||||||000 | spa||
020 _a950-9023-74-4
040 _cAR-BaBNM
100 1 _aCunninghame Graham, Robert Bontine
_d1852-1936
245 1 0 _aEl Río de la Plata
260 _aBuenos Aires
_bRuy Díaz
_bSecretaría de Cultura de la Nación
_c1994
300 _a144 p.
490 0 _aIdentidad nacional
_vv. 36
650 4 _aLITERATURA ARGENTINA
650 4 _aLITERATURA FOLKLORICA
650 4 _aTRADICION ORAL
650 4 _aCOSTUMBRES Y TRADICIONES
650 4 _aLITERATURA POPULAR
650 4 _aIDENTIDAD CULTURAL
650 4 _aABORIGENES ARGENTINOS
650 4 _aDANZAS FOLKLORICAS
653 _aGAUCHOS
653 _aNARRATIVA
653 _aTANGO
655 _aLITERATURA
800 1 _aSchroder Olivera, Jorge Luis
_ecoordinador
942 _cBK
998 _cMARTIN
999 _c13569
_d13569